Modern industrialization and structural change. (Record no. 23905)
[ view plain ]
| 000 -LEADER | |
|---|---|
| fixed length control field | 00601cam5a220018100 4500 |
| 001 - CONTROL NUMBER | |
| control field | zam00005744 |
| 008 - FIXED-LENGTH DATA ELEMENTS--GENERAL INFORMATION | |
| fixed length control field | 970717n xx eng u |
| 035 ## - SYSTEM CONTROL NUMBER | |
| System control number | (Sirsi) r135744 |
| 040 ## - CATALOGING SOURCE | |
| Modifying agency | UPRA |
| 100 ## - MAIN ENTRY--PERSONAL NAME | |
| Personal name | Hanmer, Lucia. |
| Linkage | A107715.1 |
| 245 10 - TITLE STATEMENT | |
| Title | Modern industrialization and structural change. |
| 260 ## - PUBLICATION, DISTRIBUTION, ETC. | |
| Place of publication, distribution, etc. | The Hague : |
| Name of publisher, distributor, etc. | ISS, |
| Date of publication, distribution, etc. | 1995. |
| 520 ## - SUMMARY, ETC. | |
| Summary, etc. | Examines the relationship between industrialization and structural change. |
| 650 #4 - SUBJECT ADDED ENTRY--TOPICAL TERM | |
| Topical term or geographic name entry element | Industrialization. |
| Linkage | S24598.1 |
| 650 #4 - SUBJECT ADDED ENTRY--TOPICAL TERM | |
| Topical term or geographic name entry element | Industry -- Employment. |
| General subdivision | Industry -- Employment. |
| Linkage | S81484.1 |
| 949 10 - LOCAL PROCESSING INFORMATION (OCLC) | |
| m | INESOR |
| t | BOOK |
| l | ON-SHELF |
No items available.